Beyond the bubble : (Record no. 352914)

000 -LEADER
fixed length control field 04317 a2200337 4500
003 - CONTROL NUMBER IDENTIFIER
control field OSt
005 - DATE AND TIME OF LATEST TRANSACTION
control field 20180116192350.0
008 - FIXED-LENGTH DATA ELEMENTS--GENERAL INFORMATION
fixed length control field 120601t xxu||||| |||| 00| 0 eng d
010 ## - LIBRARY OF CONGRESS CONTROL NUMBER
LC control number 2010283094
020 ## - INTERNATIONAL STANDARD BOOK NUMBER
International Standard Book Number 9780714845753
020 ## - INTERNATIONAL STANDARD BOOK NUMBER
International Standard Book Number 0714845752
020 ## - INTERNATIONAL STANDARD BOOK NUMBER
International Standard Book Number 9780714845753
035 ## - SYSTEM CONTROL NUMBER
System control number (OCoLC)ocn154782962
040 ## - CATALOGING SOURCE
Transcribing agency 0
082 04 - DEWEY DECIMAL CLASSIFICATION NUMBER
Classification number 720.952
100 1# - MAIN ENTRY--PERSONAL NAME
Personal name Bognar, Botond,
9 (RLIN) 3614
245 10 - TITLE STATEMENT
Title Beyond the bubble :
Remainder of title the new Japanese architecture /
Statement of responsibility, etc. [Botond Bognar].
260 ## - PUBLICATION, DISTRIBUTION, ETC.
Place of publication, distribution, etc. London ;
-- New York :
Name of publisher, distributor, etc. Phaidon Press,
Date of publication, distribution, etc. 2008.
300 ## - PHYSICAL DESCRIPTION
Extent 239 p. :
Other physical details ill. (chiefly col.) ;
Dimensions 30 cm.
500 ## - GENERAL NOTE
General note Statement of responsibility from cover.
505 0# - FORMATTED CONTENTS NOTE
Formatted contents note The bubble years: the epitome of Japanese postmodernism : Manifestations of an accelerated environment ; The property-based economy and the culture of impermanence ; The growing volume of architecture and the new technological landscape ; The new urban renaissance and Tokyo as a world city ; Expanding the scope of public space: large-scale urban developments ; Design in the Japanese world of 'creative chaos' ; Experiments in radical uncertainty: postmodernism in Japanese architecture -- After the bubble: new realities, new priorities : Economic recession and the process of globalization ; ' Pet architecture': the lessons small structures, materials and the ordinary ; New minimalism, new modernism ; Changing society and new directions in urban architecture ; Healing the wounds: towards an ecological architecture ; Computers, the digital age and the appearance of a new 'organic' architecture ; Assessing the future: in lieu of a conclusion -- Beyond the bubble: the architects : Tele-design : C-House, 2002 ; Parallax, 2005 -- Koji Yagi : House in Kawasaki, 2004 -- Kazunari Sakamoto : House SA, 1999 -- Atelier Bow-Wow : Gae House, 2004 ; House at Izu, 2004 -- Kazuyo Sejima : House in a plum tree grove, 2004 -- Shigeru Ban : Shutter house for a photographer, 2003 ; Paper Art Museum (PAM), 2002 -- Waro Kishi : House in Kurakuen 2, 2001 ; House standard 2004 -- Nikken Sekkei Ltd. : POLA Museum of Art, 2002 ; Izumi Garden, 2002 -- SANAA : Kanazawa 21st Century Museum of Art, 2004 ; Dior Omotesando, 2004 -- Jun Aoki : Louis Vuitton Omotesando, 2002 ; Aomori Museum of Art, 2005 -- Ryoji Suzuki : Konpira Project, 2004 : Yasumitsu Matsunaga : Nakajima Garden, 1999 -- Riken Yamamoto : Hiroshima West Fire Station, 2000 ; Yokosuka Museum of Art, 2007 -- Obayashi Corporation : Oasis 21, 2002 -- Yoshio Taniguchi : Hiroshima Naka Incineration Plant, 2004 -- Kengo Kuma : Nagasaki Perfectural Museum, 2004 ; Lotus House, 2005 ; Ginzan Onsen Fujiya, 2006 -- Tadao Ando : Chichu Art Museum, 2004 ; 21_21 Design Sight, 2007 -- Toyo Ito : TOD'S Omotesando, 2007 ; Meiso no Mori Funerary Hall, 2006.
520 1# - SUMMARY, ETC.
Summary, etc. "Beyond the Bubble examines two contrasting, but equally extraordinary, phases in the recent history of Japanese architecture: the explosive 'Bubble' era of the 1980s and early 1990s, and the post-Bubble years leading up to the present day. The first period - often referred to as the 'new golden age of Japanese architecture' - witnessed a spectacular proliferation of unusual buildings and urban complexes in Japan's major cities, while the latter has seen work demonstrating a sense of modesty, restraint and environmental innovation." "Botond Bognar's fascinating study of this remarkable period is divided into two parts. The first section, an essay entitled 'The Bubble Years: The Epitome of Japanese Postmodernism' discusses and illustrates the elaborate architectural projects produced during the 1980s and 90s. More recent projects, mainly from the twenty-first century, are introduced in the second part - 'After the Bubble: New Realities, New Priorities' - as detailed individual studies, accompanied by a wide range of plans, drawings and photographs."--Jacket.
650 #0 - SUBJECT ADDED ENTRY--TOPICAL TERM
Topical term or geographic name entry element Architecture
Geographic subdivision Japan
General subdivision History
Chronological subdivision 20th century.
9 (RLIN) 3615
650 #0 - SUBJECT ADDED ENTRY--TOPICAL TERM
Topical term or geographic name entry element Architecture
Geographic subdivision Japan
General subdivision History
Chronological subdivision 21st century.
9 (RLIN) 3616
650 #0 - SUBJECT ADDED ENTRY--TOPICAL TERM
Topical term or geographic name entry element Architecture
Geographic subdivision Japon
General subdivision Histoire
Chronological subdivision 21e si�ecle.
9 (RLIN) 3617
650 #0 - SUBJECT ADDED ENTRY--TOPICAL TERM
Topical term or geographic name entry element Architecture
Geographic subdivision Japon
General subdivision Histoire
Chronological subdivision 20e si�ecle.
9 (RLIN) 3618
650 #0 - SUBJECT ADDED ENTRY--TOPICAL TERM
Topical term or geographic name entry element Architektur.
9 (RLIN) 3619
651 #7 - SUBJECT ADDED ENTRY--GEOGRAPHIC NAME
Geographic name Japan.
9 (RLIN) 3620
942 ## - ADDED ENTRY ELEMENTS (KOHA)
Institution code [OBSOLETE] SADA
Koha item type Book
Call number prefix 720.952 BOG 2008
Source of classification or shelving scheme
Holdings
Withdrawn status Lost status Source of classification or shelving scheme Damaged status Not for loan Permanent Location Current Location Date acquired Total Checkouts Full call number Barcode Date last seen Date last checked out Cost, replacement price Price effective from Koha item type
          School of Art Design and Architecture (SADA) School of Art Design and Architecture (SADA) 05/20/2011 4 720.952 BOG 2008 SADA0001046 04/27/2015 04/10/2015 4918.00 08/05/2011 Book
© 2023 Central Library, National University of Sciences and Technology. All Rights Reserved.